000
00316nam a22001457a 4500
008
230202b ||||| |||| 00| 0 eng d
020
_a
00275514
041
_a
eng
080
_2
88
_a
575
082
_a
575RAN
100
_a
13
101
_a
BIO
245
_a
MYCOLOGIA MORPHOLOGICAL
_c
ROSSMAN Y A
942
_2
udc
_c
BK
999
_c
59296
_d
59296